Listy z dějin umění /

Enregistré dans:
Détails bibliographiques
Auteur principal: Birnbaum, Vojtěch (Auteur)
Format: Livre
Langue:tchèque
Publié: Praha : Václav Petr, 1947
Édition:1. vydanie
Sujets:
Tags: Ajouter un tag
Pas de tags, Soyez le premier à ajouter un tag!

MARC

LEADER 00000nam a22000003a 4500
001 0069763
003 SK-STU
005 20190403131939.8
007 ta
008 181212s ----xo-----e------000-0-----d
040 |a STU  |b slo 
041 0 |a cze 
044 |a xr 
100 1 |a Birnbaum, Vojtěch  |4 aut 
245 1 0 |a Listy z dějin umění /  |c aut. Vojtěch Birnbaum 
250 |a 1. vydanie 
260 |a Praha :  |b Václav Petr,  |c 1947 
300 |a 351 s. 
650 0 7 |a dejiny a teória umenia 
650 0 7 |a architektúra 
650 0 7 |a Česko 
650 0 7 |a románska architektúra 
650 0 7 |a gotika 
650 0 7 |a barok 
996 |b 284AU07812  |c A* 11071/U  |l AAKNAR  |s A  |a 24  |w 0069763_0001